Rzeki stolic Europy - Statystyki

Ogólne statystyki
  • Ten quiz został rozwiązany 479 razy
  • Średni wynik to 12 z 38
Statystyki odpowiedzi
Stolica Rzeka % Poprawnych
Warszawa Wisła
90%
Budapeszt Dunaj
84%
Londyn Lea | Tamiza
84%
Wiedeń Dunaj
80%
Paryż Sekwana
80%
Bratysława Dunaj
78%
Kijów Borszczahiwka | Dniepr
74%
Belgrad Dunaj | Sawa
68%
Rzym Aniene | Tyber
63%
Lizbona Tag
55%
Moskwa Bittsa | Desna | Moskwa
53%
Praga Berounka | Wełtawa
47%
Berlin Dahme | Hawela | Sprewa
37%
Ryga Dźwina
36%
Zagrzeb Sawa
33%
Lublana Lublanica | Sawa
28%
Amsterdam Amstel | IJ
26%
Wilno Waka | Wilejka | Wilia
25%
Vaduz Ren
19%
Madryt Manzanares
13%
Dublin Dodder | Liffey | Poddle
12%
Skopje Lepenac | Wardar
12%
Berno Aare
9%
Mińsk Łoszyca | Świsłocz
9%
Sarajewo Bośnia | Miljacka
7%
Kiszyniów Byk
7%
Sofia Bojanska | Iskyr | Władajska
6%
Bukareszt Dymbowica
6%
Tirana Lana | Tirana
6%
Luksemburg Alzette | Pétrusse
5%
Podgorica Mareza | Morača | Ribnica | Zeta
5%
Andora Valira
5%
Helsinki Vantaa
5%
Oslo Aker | Lysaker
4%
Bruksela Zenne
4%
Sztokholm Norrström | Söderström
3%
Reykjavik Elliðaá
2%
Tallinn Pritia
2%
Nie znaleziono quizów pasujących do podanych kryteriów
Rozkład punktacji
Procent ludzi z każdym wynikiem
Percentyl według liczby udzielonych odpowiedzi
Twoja historia wyników
Nie rozwiązałeś tego quizu